2022 FIFA World Cup Players by Picture - Statistics

General Stats
  • This quiz has been taken 119 times
  • The average score is 18 of 20
Answer Stats
Picture Answer % Correct
Lionel Messi
100%
Cristiano Ronaldo
98%
Kylian Mbappé
98%
Neymar
98%
Harry Kane
97%
Luis Suárez
97%
Luka Modrić
97%
Ángel Di María
95%
Olivier Giroud
94%
Son Heung-min
94%
Emiliano Martínez
93%
Robert Lewandowski
93%
Antoine Griezmann
92%
Hugo Lloris
92%
Gareth Bale
90%
Virgil van Dijk
90%
Achraf Hakimi
88%
Enzo Fernández
81%
Hakim Ziyech
79%
Dominik Livaković
56%
No matching quizzes found
Score Distribution
Percent of People with Each Score
Percentile by Number Answered
Your Score History
You have not taken this quiz